Loading...
| Thought - Philosophy | 1 | 7 | 0 | 1 | 85 | 80 | 102.63 | 2 | 8 |
| Literature - American Lit | 1 | 7 | 0 | 2 | 85 | 25 | 113.00 | 6 | 8 |
| Literature - Euro Lit | 1 | 5 | 0 | 0 | 65 | 59 | 95.67 | 4 | 6 |
| Literature - World Lit | 1 | 4 | 0 | 0 | 55 | 48 | 90.60 | 3 | 5 |
| History - Other History | 3 | 1 | 1 | 0 | 50 | 43 | 73.75 | 2 | 4 |
| Beliefs - Mythology | 1 | 3 | 1 | 0 | 40 | 64 | 93.75 | 3 | 4 |
| Arts - Other Arts | 0 | 4 | 0 | 1 | 40 | 89 | 111.75 | 1 | 4 |
| Beliefs - Religion | 0 | 4 | 1 | 0 | 35 | 97 | 102.75 | 4 | 4 |
| Thought - Social Science | 0 | 3 | 0 | 1 | 30 | 88 | 104.67 | 2 | 3 |
| Arts - Painting | 0 | 3 | 0 | 1 | 30 | 101 | 124.33 | 1 | 3 |
| Literature - British Lit | 0 | 3 | 0 | 1 | 30 | 92 | 126.00 | 1 | 3 |
| History - American History | 1 | 0 | 0 | 0 | 15 | 59 | 59.00 | 1 | 1 |
| History - World History | 0 | 1 | 0 | 0 | 10 | 108 | 108.00 | 1 | 1 |
| Science - Biology | 0 | 1 | 0 | 1 | 10 | 122 | 122.00 | 0 | 1 |
| Other - Other Academic | 0 | 1 | 0 | 0 | 10 | 86 | 86.00 | 1 | 1 |
| Other - Pop Culture | 1 | 0 | 2 | 0 | 5 | 13 | 13.00 | 1 | 1 |
| History - Euro History | 0 | 1 | 2 | 0 | 0 | 87 | 87.00 | 0 | 1 |
| Other - Geo/CE | 0 | 0 | 1 | 0 | -5 | 0.00 | 0 | 0 | |
| Science - Other Science | 0 | 0 | 1 | 0 | -5 | 0.00 | 0 | 0 | |
| Arts - Music | 0 | 0 | 1 | 0 | -5 | 0.00 | 0 | 0 |